Riešenie na monitorovanie intenzity cestnej dopravy

Gespeichert in:
Bibliographische Detailangaben
1. Verfasser: Karas, Patrik (Verfasst von)
Weitere Verfasser: Novák, Vladislav (Betreuung Doktorarbeit)
Format: Manuskript Buch
Sprache:Slowakisch
Veröffentlicht: Bratislava : STU v Bratislave FEI, 2023
Schlagworte:
Online-Zugang:https://opac.crzp.sk/?fn=detailBiblioFormChildIEUCD&sid=C03CB0FBA6588971DC3820D1B6BF&seo=CRZP-detail-kniha
Tags: Tag hinzufügen
Keine Tags, Fügen Sie das erste Tag hinzu!

MARC

LEADER 00000ntm a22000003a 4500
001 stuzp91930
003 SK-STU
005 20241113115619.8
007 ta
008 150427s2015----xo-----f-mn---000-0-slo-d
040 |a STU  |b slo 
041 0 |a slo 
044 |a xo 
100 1 |a Karas, Patrik  |u 035000  |4 aut  |U FEI Fakulta elektrotechniky a informatiky  |T FEI Ústav informatiky a matematiky  |X 111303  |U E050  |Y 816  |7 111303 
242 0 1 |a Solution for Monitoring of Road Traffic Intensity  |y eng 
245 1 0 |a Riešenie na monitorovanie intenzity cestnej dopravy 
260 |a Bratislava :  |b STU v Bratislave FEI,  |c 2023 
300 |a 66 s., príl. 
650 4 |a NodeJS  |2 slo 
650 4 |a React  |2 slo 
650 4 |a Počítačové videnie  |2 slo 
650 4 |a Webová aplikácia  |2 slo 
650 4 |a Python  |2 slo 
650 4 |a Python  |2 eng 
650 4 |a NodeJs  |2 eng 
650 4 |a Computer vision  |2 eng 
650 4 |a Web application  |2 eng 
650 4 |a React  |2 eng 
700 1 |a Novák, Vladislav  |u 035000  |k Z1  |4 ths  |U FEI Fakulta elektrotechniky a informatiky  |T FEI Ústav informatiky a matematiky  |X 10137  |U E050  |Y 816  |7 A000010137 
856 4 |u https://opac.crzp.sk/?fn=detailBiblioFormChildIEUCD&sid=C03CB0FBA6588971DC3820D1B6BF&seo=CRZP-detail-kniha